[Event "Dresden ZMD op"]
[Site "Dresden"]
[Date "2006.08.07"]
[Round "3"]
[White "Rosenberg, Oliver"]
[Black "Stenzel, Thomas"]
[Result "0-1"]
[WhiteElo "2033"]
[BlackElo "2227"]
[PlyCount "44"]
[EventDate "2006.08.05"]
[EventType "swiss"]
[EventRounds "9"]
[EventCountry "GER"]
[SourceTitle "CBM 113 Extra"]
[Source "ChessBase"]
[SourceDate "2006.09.14"]
[SourceVersion "1"]
[SourceVersionDate "2006.09.14"]
[SourceQuality "1"]

1. e4 e6 2. Nf3 d5 3. e5 c5 4. b4 cxb4 5. a3 bxa3 6. d4 Bd7 7. c3 Nc6 8. Bd3 h6 9. h4 Rc8 10. Bxa3 Na5 11. Bxf8 Kxf8 12. Qc1 b6 13. h5 Qe7 14. Qf4 Ke8 15. Rh3 Qf8 16. Nh4 Ne7 17. Na3 Nc4 18. Rf3 Nxa3 19. Rxa3 Nc6 20. Qg3 Qxa3 21. Ng6 Qxc3+ 22. Ke2 Nxd4+ 0-1

[Event "Hassloch op 21st"]
[Site "Hassloch"]
[Date "2006.06.04"]
[Round "5"]
[White "Merkel, Markus"]
[Black "Rosenberg, Oliver"]
[Result "1/2-1/2"]
[WhiteElo "2207"]
[BlackElo "2084"]
[PlyCount "115"]
[EventDate "2006.06.02"]
[EventType "swiss"]
[EventRounds "7"]
[EventCountry "GER"]
[SourceTitle "CBM 112 Extra"]
[Source "ChessBase"]
[SourceDate "2006.07.14"]
[SourceVersion "1"]
[SourceVersionDate "2006.07.14"]
[SourceQuality "1"]

1. e4 g6 2. d4 Bg7 3. Nc3 d6 4. f4 Nf6 5. a3 a6 6. Bd3 b6 7. e5 dxe5 8. dxe5 Ng4 9. Qf3 Ra7 10. Bd2 Nh6 11. Nge2 Bg4 12. Qg3 c5 13. f5 Bxf5 14. Qh4 Bxd3 15. Bxh6 Bxh6 16. Qxh6 Bxc2 17. 0-0 e6 18. Qg7 Rf8 19. Qxh7 Nc6 20. Nf4 Qd4+ 21. Kh1 Qxe5 22. Rae1 Rh8 23. Rxe5 Rxh7 24. Re2 Nd4 25. Ree1 Kd7 26. Rf2 Kc6 27. Rc1 Bf5 28. b4 c4 29. Ne4 b5 30. Nf6 Rh6 31. Rd1 e5 32. Ne2 Nxe2 33. Rxe2 g5 34. Ng8 Rd6 35. Rde1 f6 36. Rf2 Rg7 37. Nh6 Bd3 38. Ng4 Rg6 39. Kg1 e4 40. Ne3 Re6 41. Rf5 Re5 42. Rxe5 fxe5 43. Nf5 Rf6 44. g4 Kd5 45. Kf2 e3+ 46. Kxe3 Bxf5 47. gxf5 Rxf5 48. Rd1+ Ke6 49. Rd8 g4 50. Rg8 Rf3+ 51. Ke4 c3 52. Re8+ Kd6 53. Rd8+ Ke7 54. Rc8 Kd7 55. Rc5 Kd6 56. Rd5+ Ke6 57. Rxe5+ Kd6 58. Rd5+ 1/2-1/2

[Event "Stuttgart-chA int"]
[Site "Ditzingen"]
[Date "2006.05.27"]
[Round "6"]
[White "Rosenberg, Oliver"]
[Black "Schaefer, Michael1111"]
[Result "1-0"]
[WhiteElo "2084"]
[BlackElo "1971"]
[PlyCount "111"]
[EventDate "2006.05.25"]
[EventType "swiss"]
[EventRounds "7"]
[EventCountry "GER"]
[SourceTitle "EXT 2018"]
[Source "ChessBase"]
[SourceDate "2017.10.13"]
[SourceVersion "1"]
[SourceVersionDate "2017.10.13"]
[SourceQuality "1"]

1. e4 c5 2. Nc3 Nc6 3. g3 g6 4. Bg2 Bg7 5. d3 Nf6 6. Be3 d6 7. h3 a6 8. Qd2 e5 9. Bh6 0-0 10. Bxg7 Kxg7 11. Nge2 b5 12. 0-0 Ra7 13. f4 b4 14. Nd1 Nh5 15. fxe5 dxe5 16. g4 Nf6 17. Ne3 Be6 18. Ng3 Qd4 19. c3 Qd7 20. Nef5+ Kh8 21. Ne3 Ng8 22. Nd5 a5 23. Kh2 Nce7 24. c4 Nc6 25. Qg5 h6 26. Qe3 Nd4 27. Rf2 Kg7 28. Raf1 a4 29. Nf6 Nxf6 30. Rxf6 a3 31. b3 Rd8 32. R6f2 Ra5 33. Nf5+ Bxf5 34. exf5 g5 35. Qxe5+ Kg8 36. Bd5 Re8 37. Qg3 Ra7 38. Be4 Nxb3 39. axb3 a2 40. Ra1 Ra3 41. Raxa2 Rxb3 42. Rfb2 Rc3 43. Re2 b3 44. Rab2 Qd4 45. Qf2 Qd6+ 46. Kg2 Qb6 47. Qe1 Qb4 48. Bd5 Rxe2+ 49. Qxe2 Qb8 50. Qd2 Qe5 51. Be4 Qd4 52. Kf3 Qxc4 53. Ke2 Qd4 54. Qe3 Qb4 55. Bd5 Qb8 56. Kd2 1-0